Organic Chemistry (Record no. 594433)

000 -LEADER
fixed length control field 00465nam a22001697a 4500
003 - CONTROL NUMBER IDENTIFIER
control field NUST
005 - DATE AND TIME OF LATEST TRANSACTION
control field 20230404134318.0
008 - FIXED-LENGTH DATA ELEMENTS--GENERAL INFORMATION
fixed length control field 230404b ||||| |||| 00| 0 eng d
020 ## - INTERNATIONAL STANDARD BOOK NUMBER
International Standard Book Number 0-07-063425-4
082 ## - DEWEY DECIMAL CLASSIFICATION NUMBER
Classification number 547
Author Mark PIN
100 ## - MAIN ENTRY--PERSONAL NAME
Personal name Stanley H Pine
245 ## - TITLE STATEMENT
Title Organic Chemistry
Statement of responsibility, etc. Stanley H. Pine
260 ## - PUBLICATION, DISTRIBUTION, ETC.
Place of publication, distribution, etc. New Delhi
Name of publisher, distributor, etc. McGraw Hill India
Date of publication, distribution, etc. 2007
300 ## - PHYSICAL DESCRIPTION
Extent XIX,1187P
Other physical details Pb.
440 ## - SERIES STATEMENT/ADDED ENTRY--TITLE
Title Organic Chemistry
9 (RLIN) 111731
942 ## - ADDED ENTRY ELEMENTS (KOHA)
Source of classification or shelving scheme
Koha item type Book
Call number prefix 547 PIN
Call number suffix 547 PIN 2007
Holdings
Withdrawn status Lost status Source of classification or shelving scheme Damaged status Not for loan Permanent Location Current Location Shelving location Date acquired Total Checkouts Total Renewals Full call number Barcode Date last seen Date last checked out Price effective from Koha item type
          School of Natural Sciences (SNS) School of Natural Sciences (SNS) General Stacks 04/04/2023 4 1 547 PIN 2007 SNS0002254 02/12/2025 10/30/2024 04/04/2023 Book
© 2023 Central Library, National University of Sciences and Technology. All Rights Reserved.